000 00374nam a22001337a 4500
008 200211b xxu||||| |||| 00| 0 eng d
020 _a9781783605941
050 _aPJ 7862.A3
_b.Sa111 2015
100 _aNawal El Saadawi
245 _aWoman at point xero/
_cNawal El Saadawi
260 _aLondon:
_bZed Books
_c2015.
300 _axiii, 142 p. ;
_c20 cm.
942 _2lcc
_cBK
999 _c362947
_d362947